Comportamiento de morteros para repello

Збережено в:
Бібліографічні деталі
Автор: Torres Rueda, Miguel
Формат: Невідомо
Опубліковано: [San José, Costa Rica] 1984
Предмети:
Теги: Додати тег
Немає тегів, Будьте першим, хто поставить тег для цього запису!

MARC

LEADER 00000 a2200000 4500
003 002425
005 20221231143752.0
008 140114s1984 c a m 000 ||s d
040 |c cru CEDI 
090 |a TFG 1502 
100 |a Torres Rueda, Miguel  |9 18434 
245 |a Comportamiento de morteros para repello 
260 |c 1984  |a [San José, Costa Rica] 
300 |a 18 hojas ;ilustraciones 
500 |a Proyecto de graduación (licenciatura en ingeniería civil)--Universidad de Costa Rica. Escuela de Ingeniería Civil 
650 |x ARGAMASA  |9 18435 
942 |c TFG 
999 |c 11573  |d 11573